Colossians & Philemon / (Record no. 6968)

MARC details
000 -LEADER
fixed length control field 01414cam a2200361 a 4500
001 - CONTROL NUMBER
control field 3952454
003 - CONTROL NUMBER IDENTIFIER
control field GBCCL
005 - DATE AND TIME OF LATEST TRANSACTION
control field 20241126110616.0
008 - FIXED-LENGTH DATA ELEMENTS--GENERAL INFORMATION
fixed length control field 930907s1992 ilu b 001 0 eng d
010 ## -
-- 93201560
020 ## - INTERNATIONAL STANDARD BOOK NUMBER
International Standard Book Number 0802407617
035 ## - SYSTEM CONTROL NUMBER
System control number (OCoLC)27184429
040 ## - CATALOGING SOURCE
Original cataloging agency ICMB
Transcribing agency ICMB
Modifying agency MSV
-- DLC
042 ## -
-- lccopycat
050 00 -
-- BS2715.3
-- .M326 1992
082 00 - DEWEY DECIMAL CLASSIFICATION NUMBER
Classification number 225.77
Edition information 20
Item number MAC
100 1# - MAIN ENTRY--PERSONAL NAME
Personal name MacArthur, John,
Dates associated with a name 1939-
9 (RLIN) 1165
245 10 - TITLE STATEMENT
Title Colossians & Philemon /
Statement of responsibility, etc. John MacArthur, Jr.
260 ## - PUBLICATION, DISTRIBUTION, ETC.
Place of publication, distribution, etc. Chicago :
Name of publisher, distributor, etc. Moody Press,
Date of publication, distribution, etc. c1992.
300 ## - PHYSICAL DESCRIPTION
Extent vi, 249 p. ;
Dimensions 24 cm.
490 1# - SERIES STATEMENT
Series statement The MacArthur New Testament commentary
504 ## - BIBLIOGRAPHY, ETC. NOTE
Bibliography, etc. note Includes bibliographical references (p. [237]-239) and indexes.
630 00 - SUBJECT ADDED ENTRY--UNIFORM TITLE
Uniform title Bible.
Name of part/section of a work Colossians
General subdivision Commentaries.
9 (RLIN) 859
630 00 - SUBJECT ADDED ENTRY--UNIFORM TITLE
Uniform title Bible.
Name of part/section of a work Philemon
General subdivision Commentaries.
9 (RLIN) 860
740 0# -
-- Colossians and Philemon.
800 1# -
-- MacArthur, John,
-- 1939-
-- MacArthur New Testament commentary.
-- 12401
856 42 - ELECTRONIC LOCATION AND ACCESS
Materials specified Publisher description
Uniform Resource Identifier <a href="http://www.loc.gov/catdir/enhancements/fy0609/93201560-d.html">http://www.loc.gov/catdir/enhancements/fy0609/93201560-d.html</a>
856 42 - ELECTRONIC LOCATION AND ACCESS
Materials specified Contributor biographical information
Uniform Resource Identifier <a href="http://www.loc.gov/catdir/enhancements/fy1202/93201560-b.html">http://www.loc.gov/catdir/enhancements/fy1202/93201560-b.html</a>
856 41 - ELECTRONIC LOCATION AND ACCESS
Materials specified Table of contents only
Uniform Resource Identifier <a href="http://www.loc.gov/catdir/enhancements/fy1211/93201560-t.html">http://www.loc.gov/catdir/enhancements/fy1211/93201560-t.html</a>
906 ## - LOCAL DATA ELEMENT F, LDF (RLIN)
a 7
b cbc
c copycat
d 2
e ncip
f 19
g y-gencatlg
942 ## - ADDED ENTRY ELEMENTS (KOHA)
Source of classification or shelving scheme Dewey Decimal Classification
Koha item type Reference Books
Holdings
Withdrawn status Lost status Source of classification or shelving scheme Damaged status Not for loan Home library Current Library Shelving location Date acquired Total checkouts Full call number Barcode Date last seen Copy number Price effective from Koha item type
    Dewey Decimal Classification     GRACE BIBLE COLLEGE GRACE BIBLE COLLEGE Commentary 2018-07-05   225.77 MAC 005521 2025-05-01 c.1 2018-07-05 Reference Books
    Dewey Decimal Classification     GRACE BIBLE COLLEGE GRACE BIBLE COLLEGE Commentary 2018-07-05   225.77 MAC 005522 2025-05-01 c.2 2018-07-05 Reference Books
© Grace Bible College Library 2025